<?xml version="1.0" encoding="UTF-8"?><?xml-stylesheet type="text/xsl" href="static/style.xsl"?><OAI-PMH xmlns="http://www.openarchives.org/OAI/2.0/" xmlns:xsi="http://www.w3.org/2001/XMLSchema-instance" xsi:schemaLocation="http://www.openarchives.org/OAI/2.0/ http://www.openarchives.org/OAI/2.0/OAI-PMH.xsd"><responseDate>2026-04-13T06:47:04Z</responseDate><request verb="GetRecord" identifier="oai:www.recercat.cat:2445/182545" metadataPrefix="marc">https://recercat.cat/oai/request</request><GetRecord><record><header><identifier>oai:recercat.cat:2445/182545</identifier><datestamp>2025-12-05T09:38:48Z</datestamp><setSpec>com_2072_1057</setSpec><setSpec>col_2072_478778</setSpec><setSpec>col_2072_478917</setSpec></header><metadata><record xmlns="http://www.loc.gov/MARC21/slim" xmlns:dcterms="http://purl.org/dc/terms/" xmlns:xsi="http://www.w3.org/2001/XMLSchema-instance" xmlns:doc="http://www.lyncode.com/xoai" xsi:schemaLocation="http://www.loc.gov/MARC21/slim http://www.loc.gov/standards/marcxml/schema/MARC21slim.xsd">
   <leader>00925njm 22002777a 4500</leader>
   <datafield ind2=" " ind1=" " tag="042">
      <subfield code="a">dc</subfield>
   </datafield>
   <datafield ind2=" " ind1=" " tag="720">
      <subfield code="a">Maceda Veiga, Alberto</subfield>
      <subfield code="e">author</subfield>
   </datafield>
   <datafield ind2=" " ind1=" " tag="720">
      <subfield code="a">MacNally, Ralph</subfield>
      <subfield code="e">author</subfield>
   </datafield>
   <datafield ind2=" " ind1=" " tag="720">
      <subfield code="a">Rodríguez Mozaz, Sara</subfield>
      <subfield code="e">author</subfield>
   </datafield>
   <datafield ind2=" " ind1=" " tag="720">
      <subfield code="a">Szabo, Sandor</subfield>
      <subfield code="e">author</subfield>
   </datafield>
   <datafield ind2=" " ind1=" " tag="720">
      <subfield code="a">Peeters, Edwin T.H.M.</subfield>
      <subfield code="e">author</subfield>
   </datafield>
   <datafield ind2=" " ind1=" " tag="720">
      <subfield code="a">Ruff, Thomas</subfield>
      <subfield code="e">author</subfield>
   </datafield>
   <datafield ind2=" " ind1=" " tag="720">
      <subfield code="a">Salvadó i Cabré, Humbert</subfield>
      <subfield code="e">author</subfield>
   </datafield>
   <datafield ind2=" " ind1=" " tag="260">
      <subfield code="c">2022-01-21T15:58:49Z</subfield>
   </datafield>
   <datafield ind2=" " ind1=" " tag="260">
      <subfield code="c">2022-01-21T15:58:49Z</subfield>
   </datafield>
   <datafield ind2=" " ind1=" " tag="260">
      <subfield code="c">2021-12-23</subfield>
   </datafield>
   <datafield ind2=" " ind1=" " tag="260">
      <subfield code="c">2022-01-21T15:58:49Z</subfield>
   </datafield>
   <datafield ind2=" " ind1=" " tag="520">
      <subfield code="a">Nature-based solutions including rooftop-water storage ponds are increasingly adopted in cities as new ecodesigns to address climate change issues, such as water scarcity and storm-water runoff. Macrophytes may be valuable additions for treating stored rooftop waters and provisioning other services, including aquaponics, esthetic and wildlife-conservation values. However, the efficacy of macrophyte treatments has not been tested with influxes of different labile carbon loadings such as those occurring in storms. Moreover, little is known about how macrophytes affect communities of metazoans and microbes, including protozoans, which are key players in the water-treatment process. Here, we experimentally investigated the effectiveness of two widely distributed macrophytes, Ceratophyllum demersum and Egeria densa, for treating drained rooftop water fed with two types of leaf litter, namely Quercus robur (high C lability) and Quercus rubra (low C lability). C. demersum was better than E. densa at reducing water conductivity (by 10̶ 40 μS/cm), TDS (by 10-18 mg/L), DOC (by 4-5 mg/L) and at increasing water transparency (by 4-9%), water O2 levels (by 19-27%) and daylight pH (by 0.9-1.3) compared to leaf-litter only microcosms after 30 days. Each treatment developed a different community of algae, protozoa and metazoa. Greater plant mass and epiphytic chlorophyll-a suggested that C. demersum was better at providing supporting habitat than E. densa. The two macrophytes did not differ in detritus accumulation, but E. densa was more prone to develop filamentous bacteria, which cause sludge bulking in water-treatment systems. Our study highlights the superior capacity of C. demersum and the usefulness of whole-ecosystem experiments in choosing the most adequate macrophyte species for nature-based engineered solutions.</subfield>
   </datafield>
   <datafield tag="653" ind2=" " ind1=" ">
      <subfield code="a">Qualitat de l'aigua</subfield>
   </datafield>
   <datafield tag="653" ind2=" " ind1=" ">
      <subfield code="a">Plantes aquàtiques</subfield>
   </datafield>
   <datafield tag="653" ind2=" " ind1=" ">
      <subfield code="a">Eutrofització</subfield>
   </datafield>
   <datafield tag="653" ind2=" " ind1=" ">
      <subfield code="a">Water quality</subfield>
   </datafield>
   <datafield tag="653" ind2=" " ind1=" ">
      <subfield code="a">Aquatic plants</subfield>
   </datafield>
   <datafield tag="653" ind2=" " ind1=" ">
      <subfield code="a">Eutrophication</subfield>
   </datafield>
   <datafield ind2="0" ind1="0" tag="245">
      <subfield code="a">Effects of two submerged macrophyte species on microbes and metazoans in rooftop water-storage ponds with different labile carbon loadings</subfield>
   </datafield>
</record></metadata></record></GetRecord></OAI-PMH>